Tomášovský výhľad

Bibliographic Details
Main Authors: Kyrc, Martin (Author), Smrek, Branislav (Author)
Format: Article
Language:Slovak
Subjects:

MARC

LEADER 00000nab a2200000Ia 4500
001 vtls010709336
003 SK-MaSNL
005 20260304194529.0
008 250709|1999 xo |||||||||||||||||slo|
035 |a (urnnbn)urn:nbn:sk:snk:ar-a044os 
035 |a (uuid)81fc492c-d682-4446-86d5-8664bf864fc5 
035 |a urn:nbn:sk:snk-ab3czd 
040 |a SNKBUCL  |b slo  |c SNKBUCL  |e AACR2 
041 0 |a slo 
044 |a xo  |c SK 
080 |a (234.372.4)  |2 2001 
080 |a 625.711.4/.7  |2 2001 
080 |a 796.52  |2 2001 
100 1 |a Kyrc, Martin  |4 aut  |9 1022302 
245 1 0 |a Tomášovský výhľad  |c Martin Kyrc, Branislav Smrek 
650 0 7 |a chodníky  |2 SNKPH  |9 29942 
650 0 7 |a horolezectvo  |2 SNKPH  |9 1050 
651 7 |a Slovenský raj (Slovensko : pohorie)  |2 SNKPH  |9 65478 
700 1 |a Smrek, Branislav  |4 aut  |9 1528977 
773 0 |t Jamesák : odborný, metodický a informačný časopis Slovenského horolezeckého spolku James  |g Roč. 31, č. 2 (1999), s. 30-[31] 
850 |a Slovenská národná knižnica 
852 |a Slovenská národná knižnica 
954 |a odborná, vedecká literatúra pôvodná (slovenská)  |2 lita 
958 |a article1 
958 |a OND 
958 |a EUIPO 
999 |c 3074849  |d 3076779